vufinder Bibliothèque Municipale de Charleval de Provence
Se connecter
« Retourner aux résultats de recherche

300 plans pour construire sa maison

Book Cover
Support: Livres
Langue: Francais
Genre: Documentaire
Sujets:
Étiquettes: Ajouter
Pas de Tags !

LEADER 00743nam0a2200181 450
001 16848364
010 |a 2-501-03518-6  |b Br.  |d 139 F 
100 |a 20000907d2001 u u0frey01 ba 
101 0 |a fre 
102 |a BE 
200 0 |a 300 plans pour construire sa maison 
207 1 |a   
215 |a 352 p.  |c ill. en coul.  |d 24 x 17 cm 
300 |a Coup de coeur 
330 |a 300 plans de maisons pour élaborer celle de ses rêves : une aide détaillée et illustrée pour connaître les procédures administratives ainsi que les techniques pour construire, agrandir ou rénover une maison. 
900 |a Documentaire 
901 |a Accessible au prêt 
995 |a Bibliothèque  |c Bibliothèque  |f 00156005930540  |h 00156005930540  |k 728 TRO  |o p  |q a  |r az  |e Bibliothèque 

Options de recherche

Historique de recherche
Recherche avancée

Trouver plus

Nouveautés

Besoin d'aide ?

Contacter un bibliothécaire